أعمال نجيب محفوظ - Statistics

الإحصائيات العامة
  • هذا الإختبار تم الخضوع له 45 مره
  • الدرجة المتوسطة هي 7 من 18
Answers on the Grid
Answers color-coded by a green-red scale on the quiz's grid according to % correct below.
اللص والكلاب
دعاء الكروان
حديث المساء
حديث الصباح والمساء
الشيطان يحكم
بين القصرين
الأحلام
قلب الليل
الأيام
الشيطان يعظ
السراب
الحب الضائع
جنة الشوك
بداية ونهاية
اولاد حارتنا
دنيا الله
قصة حب مجوسية
الشحاذ
المرايا
شجرة البؤس
عائد إلى حيفا
قشتمر
شرق المتوسط
ميرامار
النهايات
رحلة ابن فطومة
الطريق
عصر القرود
الهجرة إلى الشمال
عصر الحب
الحرافيش
رادوبيس
 
إحصائيات الإجابة
Answer % صحيح
اللص والكلاب
79%
حديث الصباح والمساء
71%
بين القصرين
50%
اولاد حارتنا
50%
ميرامار
50%
الحرافيش
50%
الشيطان يعظ
43%
بداية ونهاية
36%
قشتمر
36%
الطريق
36%
قلب الليل
29%
السراب
29%
دنيا الله
29%
الشحاذ
29%
المرايا
29%
عصر الحب
29%
رادوبيس
29%
رحلة ابن فطومة
21%
No matching quizzes found
توزيع النقاط
نسبة الأشخاص لكل درجة
النسبة وفقا للأرقام
سجل النقاط الخاصة بك
لم تضخع لهذا الإختبار